Язык физики, Учебное пособие по языку специальности для иностранных студентов

Dades bibliogràfiques
Autor principal: А. В. Шевчик
Sumari:Книга находится в премиум-версии платформы «Русский как иностранный».
Пособие знакомит с особенностями стиля научного изложения материала по физике, помогает овладеть необходимым лексическим минимумом, а также фонетическими и грамматическими навыками, позволяющими студенту эффективно коммуницировать в учебно-профессиональной сфере. Двенадцать уроков посвящены отдельным темам физики. Представлены фрагменты неадаптированных текстов из учебников, рекомендуемых студентам первого курса российских вузов. Для иностранных студентов, проходящих обучение по направлениям подготовки математические и естественные науки; инженерное дело, технологии и технические науки, а также для слушателей отделений довузовской подготовки.
Гарантированный срок размещения на платформе до 29.11.2025 (автопролонгация)
Publicat: Томск, Издательский Дом Томского государственного университета, 2020
Edició:Язык физики
Matèries:
Accés en línia:Перейти к просмотру издания
Format: MixedMaterials Electrònic

MARC

LEADER 00000 a2200000 4500
001 RU/ROS-EDU.RU/116888
856 4 |u https://www.ros-edu.ru/book?id=116888  |z Перейти к просмотру издания 
010 |a 978-5-94621-888-7 
205 |a Язык физики  |b 2025-11-29 
333 |a Гарантированный срок размещения на платформе до 29.11.2025 (автопролонгация) 
100 |a 20200101d2020 |||y0rusy0250   |s 2025-11-29 
105 |a y z 000zy 
101 0 |a rus 
102 |a RU 
200 1 |a Язык физики  |b Электронный ресурс  |e Учебное пособие по языку специальности для иностранных студентов  |f А. В. Шевчик 
700 1 |b А. В.  |a Шевчик  |4 070 
330 |a Пособие знакомит с особенностями стиля научного изложения материала по физике, помогает овладеть необходимым лексическим минимумом, а также фонетическими и грамматическими навыками, позволяющими студенту эффективно коммуницировать в учебно-профессиональной сфере. Двенадцать уроков посвящены отдельным темам физики. Представлены фрагменты неадаптированных текстов из учебников, рекомендуемых студентам первого курса российских вузов. Для иностранных студентов, проходящих обучение по направлениям подготовки математические и естественные науки; инженерное дело, технологии и технические науки, а также для слушателей отделений довузовской подготовки. 
210 |a Томск  |c Издательский Дом Томского государственного университета  |d 2020 
610 1 |a язык 
610 1 |a физика 
610 1 |a лексика 
610 1 |a фонетика 
610 1 |a грамматика 
610 1 |a коммуникация 
675 |a 811.161 
686 |a 81.411  |2 rubbk 
300 |a Книга находится в премиум-версии платформы «Русский как иностранный». 
215 |a 83 с.